Datum a čas kvízu

21.5 Celkem bodů Celkový počet nahraných bodů na tomto kvízu bez doplňovacích otázek.
6. Pořadí na kvízu Konečné umístění týmu na tomto kvízu.

Zaznamenané odpovědi

# Otázka Odpověď Body Výsledky
1. Ukrajinský prezident Volodymyr... klíč od Senátu, tričko 0.5
2. Parlament jednoho evropského s... Rakousko 0
3. Hlavní cenu na karlovarském fi... Bulharska 0
4. Jak se nazývá nová sociální sí... Threads 1
5. V pondělí začal v Londýně nejs... tenisté nemusí mít pouze bílou barvu dresů 0
6. Prověříme váš přehled o histor... A) Botticelli a Villon 0
7. Co si myslíte, mohl vojevůdce... ne 1
8. Seřaďte tyto domácí události 2... 1D 2B 3C 4A 0
9. Která z těchto osobností se na... C 0
10. Která z následujících událostí... C 1